| 000 | 00760nam a2200241 a 4500 | ||
|---|---|---|---|
| 001 | 12748 | ||
| 003 | CO-ViMGA | ||
| 008 | 141112s2004 ck r 000 u spa d | ||
| 020 | _a8489217 | ||
| 040 |
_aCO-ViMGA _bspa _cCO-ViMGA |
||
| 082 | 0 | 4 | _a331.0986 R63c |
| 100 | 1 |
_aRodriguez, Camargo Gregorio _918430 |
|
| 245 | 1 | 0 | _aCurso de Derecho Procesal Laboral |
| 250 | _a3 | ||
| 260 |
_aBogotá : _bProfesional, _c1982 |
||
| 300 | _a233p. | ||
| 590 | _aForma de adquisición : DONACION - - Proveedor : HERNANDO PARRA | ||
| 650 | 1 | 4 |
_aDERECHO PROCESAL - COLOMBIA _918431 |
| 650 | 1 | 4 |
_aPROCEDIMIENTO LABORAL - COLOMBIA _918432 |
| 650 | 1 | 4 |
_aPROCESO - DERECHO LABORAL - COLOMBIA _918433 |
| 650 | 1 | 4 |
_aPRUEBA - DERECHO LABORAL - COLOMBIA _918434 |
| 942 |
_2ddc _cBK |
||
| 999 |
_c23692 _d23692 |
||